000 00353nam a2200145Ia 4500
008 150201s2004 xx 000 0 und d
082 _a616.07
_bS04R
100 _aROSAI, J.
245 _aROSAI AND ACKERMAN,S SURGICAL PATHOLOGY
250 _a9TH
260 _bELSEVIER
_aPHILADELPHIA
_c2004
300 _a1-1482
650 _aPATHOLOGY
942 _2ddc
_cBK
999 _c341
_d341